Fifa 15 Player Overall 85+ - Statistiken

Allgemein
  • Dieses Quiz wurde 121 mal gespielt
  • Das Durchschnittsergebnis liegt bei 44 aus 50
Antwortstatistiken
Overall Verein Position Nationalität Alter Antwort % Korrekt
90 FC Bayern München RM Niederlande 30 Arjen Robben
100%
92 Real Madrid LW Portugal 29 Cristiano Ronaldo
100%
93 FC Barcelona CF Argentinien 27 Lionel Messi
100%
88 FC Bayern München LM Frankreich 31 Franck Ribery
99%
90 FC Bayern München GK Deutschland 28 Manuel Neuer
99%
87 FC Bayern München ST Polen 25 Robert Lewandowski
99%
89 FC Barcelona ST Uruguay 27 Luis Suarez
98%
86 FC Barcelona CM Spanien 34 Xavi
98%
89 FC Barcelona CM Spanien 30 Andres Iniesta
97%
87 Real Madrid CM Kroatien 28 Luka Modric
97%
89 Paris Saint-Germain ST Schweden 32 Zlatan Ibrahimovic
97%
87 Real Madrid RW Wales 24 Gareth Bale
96%
85 Real Madrid CM Deutschland 24 Toni Kroos
96%
88 FC Chelsea LM Belgien 23 Eden Hazard
95%
87 FC Bayern München CB Deutschland 25 Jerome Boateng
95%
86 Borussia Dortmund LM Deutschland 25 Marco Reus
95%
86 FC Barcelona LW Brasilien 22 Neymar
95%
86 FC Bayern München CF Deutschland 24 Thomas Müller
95%
86 Borussia Dortmund CB Deutschland 25 Mats Hummels
94%
88 FC Bayern München CM Deutschland 29 Bastian Schweinsteiger
93%
85 VFL Wolfsburg CAM Belgien 23 Kevin de Bruyne
93%
86 FC Arsenal CAM Deutschland 25 Mesut Özil
93%
87 Real Madrid CB Spanien 28 Sergio Ramos
93%
85 Real Madrid ST Frankreich 26 Karim Benzema
92%
87 FC Bayern München CDM Deutschland 30 Philipp Lahm
90%
86 Manchester United ST England 28 Wayne Rooney
90%
86 Manchester United GK Spanien 23 David de Gea
89%
86 Manchester City CB Belgien 28 Vincent Kompany
89%
85 Paris Saint-Germain ST Uruguay 27 Edinson Cavani
88%
87 Manchester City ST Argentinien 26 Sergio Agüero
88%
85 Juventus Turin CM Chile 27 Arturo Vidal
87%
87 Paris Saint-Germain CB Brasilien 29 Thiago Silva
87%
87 Manchester City CAM Spanien 28 David Silva
86%
86 Real Madrid CAM Kolumbien 22 James Rodriguez
86%
85 FC Chelsea GK Tschechien 32 Petr Cech
84%
85 FC Arsenal RW Chile 25 Alexis Sanchez
83%
85 Tottenham Hotspur GK Frankreich 27 Hugo Lloris
83%
86 FC Chelsea GK Belgien 22 Thibaut Courtois
83%
85 Manchester City CM Elfenbeinküste 31 Yaya Toure
83%
85 FC Barcelona CDM Spanien 25 Sergio Busquets
82%
85 Manchester United ST Niederlande 30 Robin van Persie
81%
85 FC Bayern München CDM Spanien 32 Xabi Alonso
79%
85 FC Chelsea CM Spanien 27 Cesc Fabregas
75%
85 FC Bayern München CAM Deutschland 22 Mario Götze
73%
86 Manchester United ST Kolumbien 28 Radamel Falcao
72%
85 Boca Juniors ST Argentinien 30 Carlos Tevez
67%
85 Manchester United CAM Argentinien 26 Angel di Maria
62%
85 Manchester United CAM Spanien 26 Juan Mata
62%
85 FC Chelsea ST Spanien 25 Diego Costa
56%
85 FC Arsenal CAM Spanien 29 Santi Cazorla
38%
Keine übereinstimmenden Quizze gefunden
Verteilung der Resultate
Anzahl Personen mit jedem Resultat
Perzentil nach korrekt beantworteten Fragen
Ihre Resultats-Entwicklung
Sie haben dieses Quiz noch nicht gespielt